| Tag |
First Indicator |
Second Indicator |
Subfields |
| LEADER |
00000cam a2200000Ia 4500 |
| 001 |
in00002467786 |
| 005 |
20210817090309.0 |
| 006 |
m d |
| 007 |
cr cn||||||||| |
| 008 |
081117s2008 gw a sb 101 0 eng d |
| 020 |
|
|
|a 3540697365
|
| 020 |
|
|
|a 9783540697367
|
| 035 |
|
|
|a (OCoLC)272312673
|
| 035 |
|
|
|a (OCoLC)ocn272312673
|
| 037 |
|
|
|a 978-3-540-69734-3
|b Springer
|n http://www.springerlink.com
|
| 040 |
|
|
|a GW5XE
|b eng
|c GW5XE
|d UtOrBLW
|
| 049 |
|
|
|a TEFA
|
| 050 |
1 |
4 |
|a LB1028.5
|b .E38 2008eb
|
| 072 |
|
7 |
|a LB
|2 lcco
|
| 072 |
|
7 |
|a QA
|2 lcco
|
| 111 |
2 |
|
|a Edutainment (Conference)
|n (3rd :
|d 2008 :
|c Nanjing, China)
|0 http://id.loc.gov/authorities/names/nb2008014601
|
| 245 |
1 |
0 |
|a Technologies for e-learning and digital entertainment :
|b third international conference, Edutainment 2008, Nanjing, China, June 25-27, 2008 : proceedings /
|c Zhigeng Pan [and others] (eds.).
|
| 246 |
3 |
0 |
|a Edutainment 2008
|
| 264 |
|
1 |
|a Berlin ;
|a New York :
|b Springer,
|c [2008]
|
| 264 |
|
4 |
|c ©2008
|
| 300 |
|
|
|a xvii, 791 pages :
|b illustrations ;
|c 24 cm.
|
| 336 |
|
|
|a text
|b txt
|2 rdacontent
|
| 337 |
|
|
|a computer
|b c
|2 rdamedia
|
| 338 |
|
|
|a online resource
|b cr
|2 rdacarrier
|
| 490 |
1 |
|
|a LNCS sublibrary. SL 3, Information systems and applications, incl. internet/web, and HCI
|
| 490 |
1 |
|
|a Lecture notes in computer science,
|x 0302-9743 ;
|v 5093
|
| 500 |
|
|
|a Electronic resource.
|
| 500 |
|
|
|a International conference proceedings.
|
| 504 |
|
|
|a Includes bibliographical references and author index.
|
| 533 |
|
|
|a Electronic reproduction.
|b New York :
|c Springer,
|d 2008.
|n Mode of access: World Wide Web.
|n System requirements: Web browser.
|n Title from title screen (viewed on Nov. 10, 2008).
|n Access may be restricted to users at subscribing institutions.
|
| 650 |
|
0 |
|a Active learning
|v Congresses.
|
| 650 |
|
0 |
|a Computer-assisted instruction
|v Congresses.
|0 http://id.loc.gov/authorities/subjects/sh2008101471
|
| 650 |
|
0 |
|a Educational games
|v Congresses.
|
| 655 |
|
7 |
|a Electronic books.
|2 local
|
| 700 |
1 |
|
|a Pan, Zhigeng,
|d 1965-
|0 http://id.loc.gov/authorities/names/no2007008714
|
| 710 |
2 |
|
|a SpringerLink (Online service)
|0 http://id.loc.gov/authorities/names/no2005046756
|
| 776 |
1 |
|
|c Original
|z 9783540697343
|z 3540697349
|w (OCoLC)234368812
|
| 830 |
|
0 |
|a LNCS sublibrary.
|n SL 3,
|p Information systems and applications, incl. Internet/Web, and HCI.
|0 http://id.loc.gov/authorities/names/no2007043080
|
| 830 |
|
0 |
|a Lecture notes in computer science.
|x 0302-9743 ;
|v 5093.
|0 http://id.loc.gov/authorities/names/n42015162
|
| 856 |
4 |
0 |
|u http://proxy.library.tamu.edu/login?url=https://dx.doi.org/10.1007/978-3-540-69736-7
|z Connect to the full text of this electronic book
|t 0
|
| 994 |
|
|
|a C0
|b TEF
|
| 999 |
|
|
|a MARS
|
| 999 |
f |
f |
|s 7e6b7c22-6667-3b6c-bf95-beb1c69c7c4d
|i 6bca2ee3-138e-304e-bf89-33a13135d098
|t 0
|
| 952 |
f |
f |
|a Texas A&M University
|b College Station
|c Electronic Resources
|d Available Online
|t 0
|e LB1028.5 .E38 2008eb
|h Library of Congress classification
|
| 998 |
f |
f |
|a LB1028.5 .E38 2008eb
|t 0
|l Available Online
|